<?xml version="1.0" encoding="utf-8"?>
<?xml-stylesheet type='text/xsl' href='./oai2.xsl'?>
<OAI-PMH xmlns="http://www.openarchives.org/OAI/2.0/" xmlns:xsi="http://www.w3.org/2001/XMLSchema-instance" xsi:schemaLocation="http://www.openarchives.org/OAI/2.0/ http://www.openarchives.org/OAI/2.0/OAI-PMH.xsd">
  <responseDate>2026-06-07T09:17:25Z</responseDate>
  <request verb="GetRecord" metadataPrefix="marcxml" identifier="record_kuniweb_2733137">https://kulturerbe.niedersachsen.de/oai</request>
  <GetRecord>
    <record>
      <header>
        <identifier>record_kuniweb_2733137</identifier>
        <datestamp>2026-03-31T19:09:18Z</datestamp>
        <setSpec>slg0175</setSpec>
      </header>
      <metadata>
        <marc:record xmlns:marc="http://www.loc.gov/MARC21/slim" xsi:schemaLocation="http://www.loc.gov/MARC21/slim http://www.loc.gov/standards/marcxml/schema/MARC21slim.xsd">
          <marc:leader>12345nkm  22     uu 4500</marc:leader>
          <marc:controlfield tag="001">2733137</marc:controlfield>
          <marc:controlfield tag="003">http://kuniweb.gbv.de</marc:controlfield>
          <marc:controlfield tag="005">2025-07-30T13:03:48</marc:controlfield>
          <marc:controlfield tag="008">|           ||||||||||||||||||||||</marc:controlfield>
          <marc:datafield tag="245" ind1="1" ind2="0">
            <marc:subfield code="a">HA: Museumstafel II. (Thürwand)</marc:subfield>
          </marc:datafield>
          <marc:datafield tag="720" ind1=" " ind2=" ">
            <marc:subfield code="a">Hermann Allmers</marc:subfield>
          </marc:datafield>
          <marc:datafield tag="655" ind1=" " ind2="7">
            <marc:subfield code="a">Grafik</marc:subfield>
          </marc:datafield>
          <marc:datafield tag="046" ind1=" " ind2=" ">
            <marc:subfield code="k">1891</marc:subfield>
            <marc:subfield code="k">ca. 1891 - ca. 1895 (Laut Allmers-Tagebuch "Vollendung des Marschensaals" am 9. August 1891 - Einweihungsfeier am 12. mit Heinrich und Heino Romberg, Hermann Schmidt und August Runge (Tafeln mit vollständigem Bildprogramm spätestens begonnen mit dem Entschluss, "einige Teile meines Hauses [namentlich Marschensaal und Erkerstube] sofort nach meinem Tode zu einem echten Allmers-Museum zu gestalten" am 29. Dezember 1894))</marc:subfield>
            <marc:subfield code="l">1895</marc:subfield>
          </marc:datafield>
          <marc:datafield tag="260" ind1=" " ind2=" ">
            <marc:subfield code="g">1891</marc:subfield>
            <marc:subfield code="g">1895</marc:subfield>
            <marc:subfield code="g">ca. 1891 - ca. 1895 (Laut Allmers-Tagebuch "Vollendung des Marschensaals" am 9. August 1891 - Einweihungsfeier am 12. mit Heinrich und Heino Romberg, Hermann Schmidt und August Runge (Tafeln mit vollständigem Bildprogramm spätestens begonnen mit dem Entschluss, "einige Teile meines Hauses [namentlich Marschensaal und Erkerstube] sofort nach meinem Tode zu einem echten Allmers-Museum zu gestalten" am 29. Dezember 1894))</marc:subfield>
          </marc:datafield>
          <marc:datafield tag="300" ind1=" " ind2=" ">
            <marc:subfield code="a">Höhe: 242 mm (beschr. Papier)
Breite: 393 mm (beschr. Papier)
Höhe: 254 mm (Trägerkarton)
Breite: 405 mm (Trägerkarton)</marc:subfield>
          </marc:datafield>
          <marc:datafield tag="520" ind1=" " ind2=" ">
            <marc:subfield code="a">Museumstafel mit Raumerläuterungen des Marschensaales und des 
Erkerzimmers für Besucher des Hauses von Allmers' Hand (II. Thürwand); insg. vier Tafeln im NHA (6.2.367-370).
Laut Allmers-Tagebuch "Vollendung des Marschensaals" am 9. August 1891 - Einweihungsfeier am 12. mit Heinrich und Heino Romberg, Hermann Schmidt und August Runge (Tafeln mit vollständigem Bildprogramm spätestens begonnen mit dem Entschluss, "einige Teile meines Hauses [namentlich Marschensaal und Erkerstube] sofort nach meinem Tode zu einem echten Allmers-Museum zu gestalten" am 29. Dezember 1894) - Erläuterungen zur eigenen Entlastung und zur Bewahrung von Allmers' Ideen und Intentionen für die Nachwelt (T. Mahler)

Aufkleber/Etikett:
"II./ Thürwand./ wenden!" verso mittig (Bez. von Allmers' Hand in schwarzer Tinte auf Papier, das verso auf den Trägerkarton geleimt wurde)

Aufschrift:
"Bauern im Kampfe/ gegen gepanzerte Ritter./ Links ein anhetzender Dominikaner,/ im Mittelgrund eine fallende Fahnenjungfrau." o. li. - Drittes Bild des Frieses im Marschensaal (NHA 6.1.039) "Lieber todt als Sklav'!/ alter Friesenspruch." o. mittig "Wassernoth durch/ Deichbruch." o. re. - Drittes Bild des Frieses im Marschensaal (NHA 6.1.040) "Gluck." li.; "Wagner." mittig li.; "Kant." mittig re.; "Goethe." re. - Bez. der Medaillons und Ornamente von Erwin Küsthardt "Thannhäuser/ im Venusberge." mittig li. - Bild im NHA 6.1.032 "Faust offenbart/ Gretchen sein Glaubens-/bekenntnis. Der hohn-/lachende Teufel im/ Hintergrunde." mittig re. - Bild im NHA 6.1.033 "Die Friesbilder gem. von Heinr. von Dörnberg - Dresden./ Thannhäuser von Erw. Küsthardt nach Otto Knille./ Faust, Medaillons und Ornamente von Erw. Küsthardt." u. li. (Bez. von Allmers' Hand in schwarzer Tinte mit kolorierten Initialen)

Gebrauchsort:
Rechtenfleth (Tafel mit Raumerläuterungen des Marschensaales und des Erkerzimmers für Besucher des Allmers-Hauses)

Literatur in Zusammenhang:
H. Allmers und H. G. Steimer, „Briefwechsel mit bremischen Freunden“, Briefwechsel, Bd. 1. Ed. Temmen, Bremen, 2010. (Vgl. S. 689; 694)</marc:subfield>
          </marc:datafield>
          <marc:datafield tag="650" ind1="1" ind2=" ">
            <marc:subfield code="a">Druckwesen, Schriftwesen &gt; Schild, Tafel &gt; Schautafel</marc:subfield>
          </marc:datafield>
          <marc:datafield tag="773" ind1="0" ind2=" ">
            <marc:subfield code="t">Sammlung und Nachlass Hermann Allmers</marc:subfield>
          </marc:datafield>
          <marc:datafield tag="852" ind1=" " ind2=" ">
            <marc:subfield code="a">Archiv des Landkreises Cuxhaven</marc:subfield>
          </marc:datafield>
          <marc:datafield tag="" ind1=" " ind2=" ">
            <marc:subfield code="a">Sammlung und Nachlass Hermann Allmers sind Eigentum der Hermann-Allmers-Gesellschaft e. V. und werden in zwei Teilen an zwei Standorten verwahrt:
Die (museale) Sammlung, bestehend aus Mobiliar und Hausgerät, Tafelgemälden, kleineren und größeren Antiken, Gipsabgüssen, kunsthandwerklichen Objekten aus Keramik und Glas und einer kleinen Bibliothek, befindet sich im Allmers-Haus in Rechtenfleth.
Der literarische, grafische und fotografische "Nachlass Hermann Allmers" hingegen ist im Archiv des Landkreises Cuxhaven in Otterndorf deponiert.</marc:subfield>
          </marc:datafield>
          <marc:datafield tag="" ind1=" " ind2=" ">
            <marc:subfield code="a">Namensnennung - Nicht kommerziell - Keine Bearbeitungen 4.0 International (CC BY-NC-ND 4.0)</marc:subfield>
          </marc:datafield>
        </marc:record>
      </metadata>
    </record>
  </GetRecord>
</OAI-PMH>
